Name the Character 2 - Statistics

General Stats
  • This quiz has been taken 24 times
  • The average score is 7 of 16
Answer Stats
Picture Answer % Correct
Donkey Kong
83%
RoboCop
83%
Jason
71%
Blade
67%
Rapunzel
67%
Count Dooku
54%
Don Corleone
38%
Ghost
33%
Joe Swanson
33%
Sanji
33%
Stanley Hudson
29%
Cosmo Kramer
17%
Zatanna
17%
Peta Malark
13%
Benji Dunn
8%
Brian O'Conner
8%
No matching quizzes found
Score Distribution
Percent of People with Each Score
Percentile by Number Answered
Your Score History
You have not taken this quiz